| 000 | 00650nam a22001817a 4500 | ||
|---|---|---|---|
| 999 |
_c8795 _d8795 |
||
| 003 | GBCCL | ||
| 005 | 20241126110658.0 | ||
| 008 | 211025b ||||| |||| 00| 0 eng d | ||
| 040 | _cgbc | ||
| 082 |
_a920 _bDEL |
||
| 245 |
_aNurses who led the way / _cy Adele and Cateau de Leeuw ; illustrated by Katherine Sampson. |
||
| 260 |
_aRacine, Wis. : _bWhitman, _c©1961. |
||
| 300 |
_a210 pages : _billustrations ; _c20 cm. |
||
| 505 | _a"Real life stories of courageous women in an exciting profession"--Cover. Publisher's advertisements (2 p.) bound at end. | ||
| 650 |
_aNurses _vBiography. _915462 |
||
| 650 |
_aNurses. _915463 |
||
| 942 |
_2ddc _cBK _01 |
||